[Event "FRA-chT4 0304"]
[Site "Bretagne"]
[Date "2004.02.01"]
[Round "5"]
[White "Lemonnier, Yohan"]
[Black "Cheyrouze, Laurent"]
[Result "0-1"]
[WhiteElo "1770"]
[BlackElo "1750"]
[PlyCount "84"]
[EventDate "2003.10.12"]
[EventType "team-tourn"]
[EventRounds "9"]
[EventCountry "FRA"]
[SourceTitle "EXT 2005"]
[Source "ChessBase"]
[SourceDate "2004.11.15"]
[SourceVersion "1"]
[SourceVersionDate "2004.11.15"]
[SourceQuality "1"]

1. e4 e6 2. d4 d5 3. e5 c5 4. c3 Nc6 5. Nf3 Qb6 6. a3 Nge7 7. b4 cxd4 8. cxd4 Nf5 9. Bb2 Bd7 10. Bd3 Nfxd4 11. Nxd4 Nxd4 12. Bxh7 Nc6 13. Bd3 Qc7 14. Qe2 Rc8 15. Nd2 Be7 16. Rc1 a6 17. 0-0 f5 18. g3 g6 19. Bb1 Bg5 20. Rc2 Qd8 21. Ba2 Qe7 22. Rfc1 Kf7 23. f4 Bh6 24. Nf3 g5 25. fxg5 Bxg5 26. Nxg5+ Qxg5 27. Rf1 Ne7 28. Bb3 Bb5 29. Qd2 Qxd2 30. Rxd2 Bxf1 31. Kxf1 Rh6 32. h4 Rg8 33. Rg2 Rhg6 34. Kf2 f4 35. Bc2 Rxg3 36. Rxg3 fxg3+ 37. Kg2 Nf5 38. Bxf5 exf5 39. Bd4 Ke6 40. h5 Rg4 41. Be3 f4 42. Kh3 fxe3 0-1

[Event "FRA-chT4 0203"]
[Site "Bretagne"]
[Date "2003.02.02"]
[Round "5"]
[White "Brieussel, Benoit"]
[Black "Cheyrouze, Laurent"]
[Result "1-0"]
[WhiteElo "1880"]
[BlackElo "1800"]
[PlyCount "83"]
[EventDate "2002.10.??"]
[EventType "team-tourn"]
[EventRounds "7"]
[EventCountry "FRA"]
[SourceTitle "EXT 2007"]
[Source "ChessBase"]
[SourceDate "2006.11.23"]
[SourceVersion "1"]
[SourceVersionDate "2006.11.23"]
[SourceQuality "1"]

1. e4 e6 2. d4 d5 3. e5 c5 4. c3 Qb6 5. Nf3 Nc6 6. a3 Nge7 7. dxc5 Qc7 8. Bb5 a6 9. Bxc6+ Nxc6 10. Be3 Nxe5 11. Nxe5 Qxe5 12. 0-0 Bd7 13. Re1 Rc8 14. Bd4 Qg5 15. b4 Be7 16. Re3 Bf6 17. Nd2 Bxd4 18. cxd4 0-0 19. Rg3 Qf4 20. Nf3 f6 21. Qb3 Kh8 22. Re1 Rce8 23. h4 e5 24. dxe5 fxe5 25. Qxd5 Bc6 26. Qd2 e4 27. Qxf4 Rxf4 28. Nd4 e3 29. Rgxe3 Rxe3 30. fxe3 Rxh4 31. Nxc6 bxc6 32. Rd1 g5 33. Rd6 Rc4 34. Rxc6 g4 35. Kf2 Kg7 36. Rxa6 h5 37. Kg3 Rc3 38. Kf4 Rc2 39. g3 Rf2+ 40. Kg5 Rh2 41. Ra7+ Kf8 42. c6 1-0